00420nam a2200157Ia 4500008004100000040001900041041001200060082001900072100001600091245005400107260003100161300001900192650001900211651001400230850001800244131103s9999 xx 000 0 und d aLoreto College aEnglish a922/SPIbLCLIB aDonnelly, D 2aA prisoner in Japanb Carlo Spinola cD Donnelly aLondonbSheed & Wardc1928 a181p. c 19cm. aSpinola, Carlo aBiography aLCLIB/922/SPI